ABC of radio journalism (Record no. 2747)
[ view plain ]
| 000 -LEADER | |
|---|---|
| fixed length control field | 00245nam a22001097a 4500 |
| 082 ## - DEWEY DECIMAL CLASSIFICATION NUMBER | |
| Classification number | 070.194 |
| 100 ## - MAIN ENTRY--PERSONAL NAME | |
| Personal name | Mughees Uddin Sheikh |
| 245 ## - TITLE STATEMENT | |
| Title | ABC of radio journalism |
| 260 ## - PUBLICATION, DISTRIBUTION, ETC. | |
| Place of publication, distribution, etc. | Lahore |
| Name of publisher, distributor, etc. | Ilmi kitab khana |
| Date of publication, distribution, etc. | 2008. |
| 300 ## - PHYSICAL DESCRIPTION | |
| Extent | 80p |
| 942 ## - ADDED ENTRY ELEMENTS (KOHA) | |
| Koha item type | Book |
| Withdrawn status | Lost status | Damaged status | Not for loan | Collection code | Permanent Location | Current Location | Shelving location | Date acquired | Total Checkouts | Full call number | Barcode | Date last seen | Price effective from | Koha item type |
|---|---|---|---|---|---|---|---|---|---|---|---|---|---|---|
| Central Library (CL) | Central Library (CL) | First Floor - Journalism | 03/17/2016 | 070.194 SHE | S3H-N-91 | 03/17/2016 | 03/17/2016 | Book |
